000 00353nam a2200145Ia 4500
008 100122s9999 xx 000 0 und d
082 _b52536
_a823
100 _aबोरकर वि ज
245 _aवंश
260 _bमौज प्रकाशन
_c1996
300 _a103
630 _aवंश
730 _aवंश
942 _cBOOK
999 _c429712
_d429709